[Event "RUS-ch Blitz Men 2018"]
[Site "Sochi"]
[Date "2018.10.07"]
[Round "10"]
[White "Esipenko, Andrey"]
[Black "Sjugirov, Sanan"]
[Result "1/2-1/2"]
[WhiteElo "2609"]
[BlackElo "2654"]
[Annotator "TA"]
[PlyCount "118"]
[EventDate "2018.10.07"]
[EventType "swiss"]
[EventCountry "RUS"]
[SourceTitle "playchess.com"]
[Source "ChessBase"]
[SourceQuality "1"]

1. d4 Nf6 2. Bf4 e6 3. e3 c5 4. c3 cxd4 5. exd4 b6 6. Nd2 Bb7 7. Ngf3 Be7 8. Bd3 d6 9. Qe2 Nbd7 10. h3 a6 11. a4 h6 12. O-O O-O 13. Bh2 Re8 14. Rfe1 Qc7 15. Ne4 Nxe4 16. Bxe4 Bxe4 17. Qxe4 Nf6 18. Qd3 Qb7 19. Nd2 b5 20. axb5 axb5 21. Bg3 Nd5 22. Ne4 Qc6 23. Rec1 Rec8 24. Rxa8 Rxa8 25. b3 f5 26. Nd2 Bg5 27. h4 Bf4 28. Re1 Re8 29. c4 bxc4 30. bxc4 Nb4 31. Qc3 Bxd2 32. Qxd2 Qxc4 33. Bxd6 Nd5 34. Rc1 Qa6 35. Be5 Rc8 36. Rxc8+ Qxc8 37. Kh2 Qd8 38. g3 Qd7 39. Qa2 Kh7 40. Qc4 Qf7 41. Qe2 Qb7 42. Qf3 Qb2 43. Kg2 Qc2 44. Kf1 Qb1+ 45. Kg2 Qc2 46. Kf1 Kg6 47. g4 Qb1+ 48. Kg2 Qe4 49. h5+ Kf7 50. gxf5 Qxf3+ 51. Kxf3 exf5 52. Kg3 g6 53. hxg6+ Kxg6 54. f3 Kg5 55. Bd6 f4+ 56. Kh3 h5 57. Be5 Ne3 58. Bc7 Nd5 59. Be5 Ne3 1/2-1/2

[Event "RUS-ch Blitz Men 2018"]
[Site "Sochi"]
[Date "2018.10.07"]
[Round "10"]
[White "Chigaev, Maksim"]
[Black "Sadovsky, Artem"]
[Result "1-0"]
[WhiteElo "2599"]
[BlackElo "2408"]
[Annotator "TA"]
[PlyCount "111"]
[EventDate "2018.10.07"]
[EventType "swiss"]
[EventCountry "RUS"]
[SourceTitle "playchess.com"]
[Source "ChessBase"]
[SourceQuality "1"]

1. e4 c6 2. d4 d5 3. exd5 cxd5 4. Bd3 Nf6 5. c3 Nc6 6. h3 e5 7. dxe5 Nxe5 8. Nf3 Nxd3+ 9. Qxd3 Be7 10. O-O O-O 11. Bg5 h6 12. Bh4 Re8 13. Nbd2 Nh5 14. Bxe7 Rxe7 15. Qd4 Be6 16. Rfe1 Qc7 17. Qe5 Qxe5 18. Rxe5 Nf4 19. Nb3 Rae8 20. Rd1 Bd7 21. Rxe7 Rxe7 22. Nbd4 Kf8 23. Kf1 Ba4 24. Rd2 Bd7 25. Ng1 Ke8 26. Nge2 Nxe2 27. Rxe2 Rxe2 28. Kxe2 Ke7 29. Ke3 Kd6 30. Nc2 Bb5 31. Kd4 Bd7 32. Ne3 Be6 33. h4 g5 34. g3 f6 35. f4 gxf4 36. gxf4 h5 37. Nd1 Bf5 38. Ne3 Be6 39. a3 b5 40. b4 a6 41. Nc2 Bf5 42. Na1 Be4 43. Nb3 Ke6 44. Nc5+ Kf5 45. Nxa6 Kxf4 46. Nc5 f5 47. a4 bxa4 48. b5 Bc2 49. b6 a3 50. b7 a2 51. b8=Q+ Kg4 52. Qa7 Bb1 53. Nb3 f4 54. Qe7 f3 55. Ke3 Bc2 56. Qg5+ 1-0

[Event "RUS-ch Blitz Men 2018"]
[Site "Sochi"]
[Date "2018.10.07"]
[Round "10"]
[White "Kryakvin, Dmitry"]
[Black "Riazantsev, Alexander"]
[Result "1/2-1/2"]
[WhiteElo "2595"]
[BlackElo "2649"]
[Annotator "TA"]
[PlyCount "155"]
[EventDate "2018.10.07"]
[EventType "swiss"]
[EventCountry "RUS"]
[SourceTitle "playchess.com"]
[Source "ChessBase"]
[SourceQuality "1"]

1. d4 e6 2. Nf3 Nf6 3. c4 d5 4. Bg5 h6 5. Bxf6 Qxf6 6. e3 Be7 7. Nc3 c6 8. Bd3 Nd7 9. O-O O-O 10. Qe2 b6 11. e4 dxc4 12. Bxc4 e5 13. d5 c5 14. a4 a6 15. Nd2 Bd6 16. Bd3 Rd8 17. Nc4 Bc7 18. d6 Bxd6 19. Nd5 Qg6 20. Ncxb6 Nxb6 21. Nxb6 Bh3 22. f3 c4 23. Nxc4 Bc5+ 24. Kh1 Bxg2+ 25. Qxg2 Qxg2+ 26. Kxg2 Rxd3 27. Rad1 Rb3 28. Rd5 Bd4 29. Nxe5 Rxb2+ 30. Kg3 Bxe5+ 31. Rxe5 Rc8 32. Rf2 Rb4 33. Ra5 Rc6 34. h4 Rg6+ 35. Kf4 Rf6+ 36. Kg3 Rb3 37. h5 Ra3 38. Kg4 Rc6 39. Rd2 Rcc3 40. Rf2 Rc6 41. Rd2 Kh7 42. Rf2 Ra1 43. Kg3 Rg1+ 44. Rg2 Rh1 45. Rh2 Ra1 46. Rd2 Ra3 47. Rf2 Rf6 48. Kg4 Ra1 49. Kg3 Rg1+ 50. Rg2 Rh1 51. Rc5 Rf1 52. Rf2 Rg1+ 53. Rg2 Ra1 54. Ra5 Rc6 55. Rf2 Rh1 56. Rh2 Rf1 57. Rf2 Ra1 58. Re2 Ra3 59. Rf2 g5 60. hxg6+ Rxg6+ 61. Kf4 Rf6+ 62. Kg3 Re6 63. Kf4 Rf6+ 64. Kg3 Ra1 65. e5 Rg6+ 66. Kf4 Rc1 67. Re2 Kg7 68. Kf5 Rc4 69. f4 h5 70. Rh2 Rg4 71. Rf2 Rc6 72. Rd5 Rcg6 73. Rd7 h4 74. Rh2 Kg8 75. Rd8+ Kg7 76. Rd7 Kg8 77. Rd8+ Kg7 78. Ke4 1/2-1/2

[Event "RUS-ch Blitz Men 2018"]
[Site "Sochi"]
[Date "2018.10.07"]
[Round "10"]
[White "Timofeev, Artyom"]
[Black "Savchenko, Boris"]
[Result "1/2-1/2"]
[WhiteElo "2580"]
[BlackElo "2562"]
[Annotator "TA"]
[PlyCount "110"]
[EventDate "2018.10.07"]
[EventType "swiss"]
[EventCountry "RUS"]
[SourceTitle "playchess.com"]
[Source "ChessBase"]
[SourceQuality "1"]

1. Nf3 Nf6 2. c4 g6 3. Nc3 d6 4. g3 Bg7 5. Bg2 O-O 6. O-O c5 7. d4 Nc6 8. dxc5 dxc5 9. Be3 Be6 10. Bxc5 Qa5 11. Be3 Bxc4 12. Nd4 Nxd4 13. Qxd4 Ba6 14. Qc5 Qxc5 15. Bxc5 Rfe8 16. Rfd1 e6 17. Rac1 Nd5 18. Bxd5 exd5 19. e3 Bxc3 20. Rxc3 Be2 21. Rxd5 Bf3 22. Rd4 b6 23. Bd6 Rac8 24. h3 Rxc3 25. bxc3 Rc8 26. Be5 h6 27. g4 g5 28. Kh2 Bc6 29. Kg3 Be8 30. Rd6 Kh7 31. Bd4 Bb5 32. h4 gxh4+ 33. Kxh4 Rg8 34. Rf6 Bc4 35. a3 Rg6 36. Rf4 Be6 37. f3 Rg5 38. Rf6 Ra5 39. e4 Rxa3 40. Be3 Rxc3 41. Rxh6+ Kg7 42. Bd4+ Kxh6 43. Bxc3 a5 44. f4 Bc4 45. f5 Bd3 46. e5 Kh7 47. Kg5 Kg8 48. Kf6 Bc4 49. g5 a4 50. Bb4 b5 51. Ke7 Kg7 52. e6 Bd5 53. g6 Bxe6 54. fxe6 fxe6 55. Kxe6 Kxg6 1/2-1/2

[Event "RUS-ch Blitz Men 2018"]
[Site "Sochi"]
[Date "2018.10.07"]
[Round "10"]
[White "Pridorozhni, Aleksei"]
[Black "Belyakov, Bogdan"]
[Result "1-0"]
[WhiteElo "2574"]
[BlackElo "2458"]
[Annotator "TA"]
[PlyCount "51"]
[EventDate "2018.10.07"]
[EventType "swiss"]
[EventCountry "RUS"]
[SourceTitle "playchess.com"]
[Source "ChessBase"]
[SourceQuality "1"]

1. e4 e5 2. f4 d5 3. exd5 exf4 4. Nf3 Nf6 5. Bc4 Nxd5 6. O-O Nb6 7. Bb3 c5 8. d3 Be7 9. Bxf4 O-O 10. Nc3 Nc6 11. Kh1 Bg4 12. Qe1 Bxf3 13. Rxf3 Nd4 14. Rf1 Nxb3 15. axb3 Bf6 16. Qg3 Nd5 17. Bd6 Bxc3 18. bxc3 Re8 19. c4 Ne3 20. Rf2 Ng4 21. Rf3 Re6 22. Bxc5 Rg6 23. h3 Ne3 24. Qf2 Nxg2 25. Rxf7 Nf4 26. Rxf4 1-0

[Event "RUS-ch Blitz Men 2018"]
[Site "Sochi"]
[Date "2018.10.07"]
[Round "10"]
[White "Rozum, Ivan"]
[Black "Potapov, Pavel"]
[Result "1-0"]
[WhiteElo "2573"]
[BlackElo "2515"]
[Annotator "RC"]
[PlyCount "82"]
[EventDate "2018.10.07"]
[EventType "swiss"]
[EventCountry "RUS"]
[SourceTitle "playchess.com"]
[Source "ChessBase"]
[SourceQuality "1"]

1. d4 d5 2. c4 e5 3. dxe5 d4 4. Nf3 Nc6 5. a3 Nge7 6. b4 Ng6 7. Bb2 a5 8. b5 Ncxe5 9. Nxe5 Nxe5 10. Bxd4 Nxc4 11. e3 Be6 12. Be2 Nd6 13. O-O Nf5 14. Bf3 Rb8 15. Nc3 Be7 16. Be5 Bd6 17. Bxd6 Qxd6 18. Qa4 Qb6 19. Bd5 O-O 20. Bxe6 fxe6 21. Qc4 Qd6 22. Rfd1 Qe7 23. Rd3 Nd6 24. Qg4 Rf5 25. a4 Rbf8 26. Ra2 Qf7 27. Qe2 Qg6 28. f3 Rxf3 29. Rd1 R3f7 30. b6 Nf5 31. bxc7 Rxc7 32. Nb5 Rcf7 33. e4 Nh4 34. Kh1 Rf4 35. Nd6 Rg4 36. g3 Nf3 37. Rf1 Qh5 38. Rxf3 Rxf3 39. Qxf3 h6 40. Rf2 Kh7 41. Kg2 Qg6 1-0

[Event "RUS-ch Blitz Men 2018"]
[Site "Sochi"]
[Date "2018.10.07"]
[Round "10"]
[White "Yuffa, Daniil"]
[Black "Paravyan, David"]
[Result "0-1"]
[WhiteElo "2563"]
[BlackElo "2629"]
[Annotator "TA"]
[PlyCount "62"]
[EventDate "2018.10.07"]
[EventType "swiss"]
[EventCountry "RUS"]
[SourceTitle "playchess.com"]
[Source "ChessBase"]
[SourceQuality "1"]

1. d4 d5 2. c4 c6 3. Nc3 Nf6 4. Nf3 dxc4 5. a4 Bf5 6. Ne5 Nbd7 7. Nxc4 Qc7 8. g3 e5 9. dxe5 Nxe5 10. Bf4 Nfd7 11. Bg2 f6 12. O-O Rd8 13. Qc1 Be6 14. Ne4 Be7 15. Rd1 O-O 16. b3 Nb6 17. Ne3 g5 18. a5 Nbd7 19. Bxe5 Nxe5 20. a6 b6 21. Qc3 h6 22. f4 Ng4 23. Nxg4 Bxg4 24. Qc4+ Kg7 25. Nf2 Bh5 26. Qxc6 Qxc6 27. Bxc6 Bc5 28. Kf1 Bf7 29. Rab1 Rxd1+ 30. Rxd1 Bxb3 31. Ne4 Bxd1 0-1

[Event "RUS-ch Blitz Men 2018"]
[Site "Sochi"]
[Date "2018.10.07"]
[Round "10"]
[White "Panarin, Mikhail"]
[Black "Alexeev, Alexey"]
[Result "1-0"]
[WhiteElo "2562"]
[BlackElo "2287"]
[Annotator "TA"]
[PlyCount "67"]
[EventDate "2018.10.07"]
[EventType "swiss"]
[EventCountry "RUS"]
[SourceTitle "playchess.com"]
[Source "ChessBase"]
[SourceQuality "1"]

1. e4 e5 2. Nf3 Nc6 3. Bb5 a6 4. Ba4 Nf6 5. Qe2 b5 6. Bb3 Be7 7. c3 O-O 8. O-O d6 9. Rd1 Re8 10. Ng5 Rf8 11. d4 h6 12. Nf3 Bg4 13. h3 Bxf3 14. Qxf3 exd4 15. cxd4 Na5 16. Bc2 Nh7 17. e5 Bg5 18. Nc3 Re8 19. b3 Nf8 20. Bb2 dxe5 21. dxe5 Qe7 22. Nd5 Qc5 23. Qe4 f5 24. Qxf5 b4 25. g3 Rad8 26. Qe4 Nc6 27. h4 Ne7 28. hxg5 Nxd5 29. gxh6 Nc3 30. Bxc3 bxc3 31. hxg7 Kxg7 32. Qg4+ Kh8 33. Kg2 Re7 34. Rxd8 1-0

[Event "RUS-ch Blitz Men 2018"]
[Site "Sochi"]
[Date "2018.10.07"]
[Round "10"]
[White "Bocharov, Dmitry"]
[Black "Dilmukhametov, Artur"]
[Result "1-0"]
[WhiteElo "2557"]
[BlackElo "2353"]
[Annotator "RC"]
[PlyCount "57"]
[EventDate "2018.10.07"]
[EventType "swiss"]
[EventCountry "RUS"]
[SourceTitle "playchess.com"]
[Source "ChessBase"]
[SourceQuality "1"]

1. c4 c6 2. Nf3 d5 3. e3 Nf6 4. Nc3 a6 5. Be2 Bf5 6. Qb3 Ra7 7. O-O e6 8. d3 Nbd7 9. cxd5 cxd5 10. Rd1 Be7 11. e4 Nc5 12. Qc2 Bg6 13. Be3 b6 14. Ne5 Rc7 15. exd5 exd5 16. Nxg6 hxg6 17. d4 Nce4 18. Bxa6 O-O 19. Qb3 Nxc3 20. bxc3 Qa8 21. Be2 Rfc8 22. Rdc1 Ne4 23. c4 Bg5 24. Bxg5 Nxg5 25. Bg4 dxc4 26. Qe3 Ne6 27. Bxe6 fxe6 28. Qxe6+ Kh7 29. Rc3 1-0

[Event "RUS-ch Blitz Men 2018"]
[Site "Sochi"]
[Date "2018.10.07"]
[Round "10"]
[White "Shcherbakov, Ruslan"]
[Black "Tsoi, Dmitry"]
[Result "1/2-1/2"]
[WhiteElo "2516"]
[BlackElo "2429"]
[Annotator "TA"]
[PlyCount "124"]
[EventDate "2018.10.07"]
[EventType "swiss"]
[EventCountry "RUS"]
[SourceTitle "playchess.com"]
[Source "ChessBase"]
[SourceQuality "1"]

1. e4 e5 2. Bc4 Nf6 3. d3 Bc5 4. Nf3 d6 5. c3 Bb6 6. O-O O-O 7. h3 c6 8. Bb3 Nbd7 9. Re1 a5 10. d4 Bc7 11. Nbd2 Re8 12. a4 Nf8 13. Bc2 Ng6 14. Nf1 d5 15. dxe5 Nxe5 16. Nxe5 Bxe5 17. f4 Bc7 18. e5 Ne4 19. Bxe4 dxe4 20. Qxd8 Rxd8 21. Ng3 b5 22. Nxe4 Bf5 23. Ng3 Bc2 24. axb5 cxb5 25. Be3 b4 26. cxb4 axb4 27. Rxa8 Rxa8 28. Rc1 b3 29. Kf2 f6 30. exf6 gxf6 31. Ne2 Ra2 32. Bd4 Kf7 33. Bc3 Ra4 34. Nd4 Bxf4 35. Re1 Be5 36. Nxc2 bxc2 37. Rc1 Bxc3 38. bxc3 Ra2 39. Ke3 Ke6 40. Kd3 h5 41. Rxc2 Ra5 42. Re2+ Kd6 43. Rb2 Rg5 44. Ke4 Kc5 45. Rf2 Kc4 46. Rxf6 Rxg2 47. Rc6+ Kb5 48. Rh6 Rg5 49. h4 Rc5 50. Kd3 Rd5+ 51. Kc2 Kc4 52. Rg6 Rf5 53. Kd2 Rd5+ 54. Ke3 Kxc3 55. Rg5 Rd8 56. Rc5+ Kb4 57. Rxh5 Kc4 58. Ke4 Re8+ 59. Kf5 Kd5 60. Kf6+ Ke4 61. Rg5 Kf4 62. Rg1 Rh8 1/2-1/2

[Event "RUS-ch Blitz Men 2018"]
[Site "Sochi"]
[Date "2018.10.07"]
[Round "10"]
[White "Khanin, Semen"]
[Black "Chekhov, Sergei"]
[Result "0-1"]
[WhiteElo "2510"]
[BlackElo "2463"]
[Annotator "TA"]
[PlyCount "103"]
[EventDate "2018.10.07"]
[EventType "swiss"]
[EventCountry "RUS"]
[SourceTitle "playchess.com"]
[Source "ChessBase"]
[SourceQuality "1"]

1. e4 c5 2. Nf3 e6 3. d4 cxd4 4. Nxd4 a6 5. c4 Nf6 6. Nc3 Bb4 7. Qd3 Qc7 8. a3 Be7 9. f4 d6 10. Be2 Nbd7 11. O-O b6 12. b4 Bb7 13. Bb2 Rd8 14. Rae1 O-O 15. Qe3 Rfe8 16. f5 Bf8 17. fxe6 fxe6 18. Qh3 e5 19. Ne6 Qc8 20. Nxd8 Qxd8 21. Bd3 g6 22. Nd5 Bxd5 23. cxd5 b5 24. Bc1 Nh5 25. g3 Bg7 26. Be3 Ndf6 27. Rc1 Rf8 28. Qe6+ Kh8 29. Rc6 Re8 30. Qxd6 Qa8 31. Rxa6 Qc8 32. Rc6 Qh3 33. Rc2 Ng4 34. Qd7 Rg8 35. Rg2 Nhf6 36. Rxf6 Bxf6 37. Be2 h5 38. d6 Ra8 39. Bc1 Nf2 40. Qf7 Nxe4 41. d7 Rd8 42. Bf3 Rxd7 43. Qf8+ Kh7 44. Bxe4 Rd1+ 45. Kf2 Qd7 46. Qxf6 Rxc1 47. Bxg6+ Kg8 48. Bf7+ Qxf7 49. Qxf7+ Kxf7 50. Ke3 Ke6 51. Ra2 Rb1 52. a4 0-1

[Event "RUS-ch Blitz Men 2018"]
[Site "Sochi"]
[Date "2018.10.07"]
[Round "10"]
[White "Triapishko, Alexandr"]
[Black "Maletin, Pavel"]
[Result "1-0"]
[WhiteElo "2508"]
[BlackElo "2586"]
[Annotator "RC"]
[PlyCount "148"]
[EventDate "2018.10.07"]
[EventType "swiss"]
[EventCountry "RUS"]
[SourceTitle "playchess.com"]
[Source "ChessBase"]
[SourceQuality "1"]

1. d4 d5 2. Nf3 Nf6 3. c3 g6 4. Bf4 Bg7 5. e3 O-O 6. h3 b6 7. Nbd2 c5 8. a4 Nc6 9. Bb5 Bb7 10. O-O Nd7 11. a5 Nxa5 12. dxc5 Nc6 13. cxb6 e5 14. Bh2 Qxb6 15. Be2 a5 16. Qb3 Qxb3 17. Nxb3 a4 18. Nbd2 Nc5 19. Bb5 f6 20. Ra2 Ra5 21. Bxc6 Bxc6 22. b4 Rb5 23. bxc5 Rxc5 24. Rc1 Rc8 25. Ne1 Bb5 26. c4 dxc4 27. Ne4 R5c6 28. Nc3 Ba6 29. Rxa4 Rb8 30. Kf1 Bf8 31. f4 Rb3 32. fxe5 Bb4 33. Rxb4 Rxb4 34. Nc2 Rb2 35. Nd4 Rc8 36. exf6 Kf7 37. Ra1 Bb7 38. e4 Kxf6 39. Kg1 Kg7 40. Be5+ Kh6 41. Rf1 Re8 42. Bf4+ Kg7 43. Re1 h6 44. Bc1 Rb6 45. e5 Bc8 46. Ba3 Ra6 47. Bc5 g5 48. g4 Kg6 49. Kf2 h5 50. Kg3 hxg4 51. hxg4 Ra5 52. Bd6 Ra6 53. Rf1 Kg7 54. Rf6 Ra1 55. Nf5+ Kh7 56. Rf7+ Kg8 57. Nh6+ Kh8 58. Be7 Rxe7 59. Rxe7 Ra3 60. Nf7+ Kg8 61. Nxg5 Rxc3+ 62. Kf4 Ba6 63. Ra7 Bb5 64. Ra8+ Kg7 65. Ne6+ Kg6 66. Nd4 Bd7 67. e6 Rd3 68. Ke4 Bxe6 69. Nxe6 Rd6 70. Nd4 Kg5 71. Rg8+ Kf6 72. g5+ Kf7 73. Rc8 Kg6 74. Nf3 Re6+ 1-0

[Event "RUS-ch Blitz Men 2018"]
[Site "Sochi"]
[Date "2018.10.07"]
[Round "10"]
[White "Moiseenko, Vadim"]
[Black "Gabrielian, Artur"]
[Result "1-0"]
[WhiteElo "2492"]
[BlackElo "2499"]
[Annotator "TA"]
[PlyCount "135"]
[EventDate "2018.10.07"]
[EventType "swiss"]
[EventCountry "RUS"]
[SourceTitle "playchess.com"]
[Source "ChessBase"]
[SourceQuality "1"]

1. g3 c5 2. Bg2 Nc6 3. Nf3 g6 4. d4 cxd4 5. Nxd4 Bg7 6. Nxc6 bxc6 7. c4 Nf6 8. Nc3 O-O 9. O-O a5 10. Be3 Rb8 11. b3 Ba6 12. Bd4 Re8 13. Rc1 h5 14. Re1 h4 15. Qd2 hxg3 16. hxg3 Qc7 17. Red1 d6 18. Na4 Nd7 19. Qc3 e5 20. Be3 Nf6 21. Bd2 Bb7 22. Qxa5 Qe7 23. Bg5 Qe6 24. Qc7 Bf8 25. Nb6 Red8 26. Bh3 Qxh3 27. Bxf6 c5 28. Nd5 Bxd5 29. Rxd5 Rdc8 30. Qa5 Qh6 31. Qc3 g5 32. Qf3 Qg6 33. g4 Re8 34. Qf5 Qxf5 35. gxf5 Ra8 36. Rc2 e4 37. Bxg5 Bg7 38. f6 Bf8 39. Bf4 Kh7 40. Rc3 Kg6 41. Rc2 Kxf6 42. Bxd6 Bh6 43. e3 Ke6 44. Bg3 Rg8 45. Re5+ Kf6 46. Rxe4 Kf5 47. Re5+ Kf6 48. Rxc5 Rxg3+ 49. Kf1 Rg6 50. Rc6+ Kf5 51. Rxg6 fxg6 52. c5 Bf8 53. c6 Bd6 54. Ke2 Ke6 55. f4 Bc7 56. Kf3 Kd6 57. e4 Ra6 58. Kg4 Ke6 59. Kg5 Kf7 60. e5 Bd8+ 61. Kg4 Bc7 62. b4 Ke6 63. Kg5 Ra3 64. Rg2 Kf7 65. Kg4 Rc3 66. b5 Bb6 67. Rd2 Bf2 68. Rxf2 1-0

[Event "RUS-ch Blitz Men 2018"]
[Site "Sochi"]
[Date "2018.10.07"]
[Round "10"]
[White "Hasangatin, Ramil"]
[Black "Ozgibcev, Anatoly"]
[Result "1-0"]
[WhiteElo "2485"]
[BlackElo "2368"]
[Annotator "TA"]
[PlyCount "67"]
[EventDate "2018.10.07"]
[EventType "swiss"]
[EventCountry "RUS"]
[SourceTitle "playchess.com"]
[Source "ChessBase"]
[SourceQuality "1"]

1. d4 d5 2. Bf4 c5 3. e3 Nc6 4. c3 cxd4 5. cxd4 Nf6 6. Nc3 e6 7. Bd3 Bd6 8. Bxd6 Qxd6 9. f4 O-O 10. Nf3 Nb4 11. Bb1 b6 12. a3 Nc6 13. b4 Bb7 14. O-O Ne7 15. Ne5 Rac8 16. Nb5 Qb8 17. Qd3 a6 18. Nd7 Nf5 19. Nxb8 Rxb8 20. Nc3 Rbc8 21. Qd2 Nd6 22. Bd3 Nc4 23. Bxc4 dxc4 24. f5 exf5 25. Rxf5 Ne4 26. Nxe4 Bxe4 27. Re5 c3 28. Qe1 Bg6 29. Rc1 c2 30. Qd2 Rc7 31. e4 f6 32. Re6 Rfc8 33. d5 Kf7 34. Rc6 1-0

[Event "RUS-ch Blitz Men 2018"]
[Site "Sochi"]
[Date "2018.10.07"]
[Round "10"]
[White "Kabanov, Nikolai"]
[Black "Sarana, Alexey"]
[Result "0-1"]
[WhiteElo "2481"]
[BlackElo "2641"]
[Annotator "TA"]
[PlyCount "59"]
[EventDate "2018.10.07"]
[EventType "swiss"]
[EventCountry "RUS"]
[SourceTitle "playchess.com"]
[Source "ChessBase"]
[SourceQuality "1"]

1. e4 c5 2. Nf3 d6 3. Bb5+ Nd7 4. O-O a6 5. Bd3 Ngf6 6. Re1 e6 7. c3 Be7 8. Bc2 b5 9. d4 Bb7 10. Nbd2 cxd4 11. cxd4 Rc8 12. Bd3 O-O 13. a4 b4 14. a5 e5 15. Bf1 exd4 16. Nxd4 Nc5 17. f3 Nfd7 18. Nc4 Ne5 19. Nb6 Rb8 20. Nf5 Re8 21. Be3 Bf8 22. Kh1 g6 23. Nh6+ Kg7 24. Nd5 Qh4 25. g3 Qh5 26. g4 Qh4 27. Bf4 Bxd5 28. exd5 Ned3 29. Bxd3 Nxd3 30. Bg3 0-1

[Event "RUS-ch Blitz Men 2018"]
[Site "Sochi"]
[Date "2018.10.07"]
[Round "10"]
[White "Fakhrutdinov, Timur"]
[Black "Dzhumagaliev, Yan"]
[Result "1/2-1/2"]
[WhiteElo "2472"]
[BlackElo "2410"]
[Annotator "TA"]
[PlyCount "218"]
[EventDate "2018.10.07"]
[EventType "swiss"]
[EventCountry "RUS"]
[SourceTitle "playchess.com"]
[Source "ChessBase"]
[SourceQuality "1"]

1. e4 c5 2. Nf3 Nc6 3. d4 cxd4 4. Nxd4 e6 5. Nc3 a6 6. Be3 Nf6 7. a3 d5 8. exd5 Nxd5 9. Nxc6 bxc6 10. Bd4 c5 11. Be5 f6 12. Nxd5 Qxd5 13. Bc3 Bb7 14. Qg4 Qe4+ 15. Qxe4 Bxe4 16. O-O-O Bd5 17. f3 c4 18. Be2 Kf7 19. Rhe1 h5 20. f4 Rc8 21. f5 Rc6 22. fxe6+ Bxe6 23. Bf3 Rc7 24. Bd5 Bxd5 25. Rxd5 Be7 26. Re4 h4 27. h3 Rh6 28. Rdd4 Rg6 29. Rg4 Rxg4 30. Rxg4 g5 31. Kd2 Ke6 32. Re4+ Kf5 33. Ke3 Bd6 34. Kf3 Be5 35. Bxe5 fxe5 36. c3 Rb7 37. Rxc4 Rxb2 38. Rc8 Rc2 39. Rf8+ Ke6 40. Rc8 a5 41. Rc5 a4 42. Rc4 Kf5 43. Rc8 Ra2 44. Rf8+ Ke6 45. Ke4 Rxa3 46. Re8+ Kf6 47. Rf8+ Kg7 48. Rf5 Kg6 49. Rxe5 Rxc3 50. Ra5 Rc4+ 51. Kf3 Rf4+ 52. Ke3 Kh5 53. Ra8 Rb4 54. Rh8+ Kg6 55. Rg8+ Kf6 56. Rf8+ Kg7 57. Ra8 Kf6 58. Ra6+ Kf5 59. Ra5+ Kg6 60. Ra6+ Kh5 61. Ra8 Rb2 62. Kf3 Rb3+ 63. Ke4 Rg3 64. Rxa4 Rxg2 65. Ra3 Rf2 66. Ra8 Rf4+ 67. Ke3 Rb4 68. Ra3 Rf4 69. Ra8 Kg6 70. Rg8+ Kh6 71. Rh8+ Kg7 72. Ra8 Rf1 73. Ra3 Kg6 74. Ra6+ Kh5 75. Ke2 Rh1 76. Ra3 Rh2+ 77. Kf1 Rb2 78. Kg1 Kg6 79. Ra5 Re2 80. Rb5 Kf6 81. Ra5 Re5 82. Ra8 Kf5 83. Rf8+ Ke4 84. Kg2 Rf5 85. Re8+ Kf4 86. Ra8 Re5 87. Rf8+ Ke3 88. Rf3+ Ke4 89. Rf8 Ra5 90. Re8+ Kf5 91. Rf8+ Kg6 92. Rg8+ Kf7 93. Rb8 Ra2+ 94. Kf3 Ra3+ 95. Kg4 Rg3+ 96. Kf5 Ke7 97. Rg8 Rf3+ 98. Ke4 Rg3 99. Kf5 Rf3+ 100. Ke4 Rf4+ 101. Ke3 Rf5 102. Ke4 Ra5 103. Kf3 Kf6 104. Kg4 Ra4+ 105. Kh5 Ra3 106. Rxg5 Rxh3 107. Rg4 Kf5 108. Rxh4 Rg3 109. Rh1 Ke5 1/2-1/2

[Event "RUS-ch Blitz Men 2018"]
[Site "Sochi"]
[Date "2018.10.07"]
[Round "10"]
[White "Kozionov, Kirill"]
[Black "Linker, Mikhail"]
[Result "1-0"]
[WhiteElo "2458"]
[BlackElo "2269"]
[Annotator "TA"]
[PlyCount "65"]
[EventDate "2018.10.07"]
[EventType "swiss"]
[EventCountry "RUS"]
[SourceTitle "playchess.com"]
[Source "ChessBase"]
[SourceQuality "1"]

1. d4 Nf6 2. c4 g6 3. Nc3 d5 4. cxd5 Nxd5 5. Bd2 Bg7 6. e4 Nxc3 7. Bxc3 O-O 8. Qd2 c5 9. d5 Nd7 10. Bxg7 Kxg7 11. Ne2 Nf6 12. Nc3 e5 13. Be2 Ne8 14. Qe3 b6 15. a4 Nd6 16. a5 Bd7 17. O-O Qc7 18. f4 Rae8 19. f5 f6 20. g4 g5 21. Kg2 b5 22. Rfc1 a6 23. Nd1 Rc8 24. b4 c4 25. Nc3 Be8 26. h4 h6 27. Rh1 Bf7 28. Rh3 Rh8 29. Rah1 Qe7 30. Qg1 Rcg8 31. Qh2 Qf8 32. hxg5 hxg5 33. Rh7+ 1-0

[Event "RUS-ch Blitz Men 2018"]
[Site "Sochi"]
[Date "2018.10.07"]
[Round "10"]
[White "Usmanov, Vasily"]
[Black "Yashmetov, Mikhail"]
[Result "0-1"]
[WhiteElo "2453"]
[BlackElo "2394"]
[Annotator "TA"]
[PlyCount "97"]
[EventDate "2018.10.07"]
[EventType "swiss"]
[EventCountry "RUS"]
[SourceTitle "playchess.com"]
[Source "ChessBase"]
[SourceQuality "1"]

1. d4 Nf6 2. c4 g6 3. Nc3 d5 4. Bg5 Bg7 5. cxd5 Nxd5 6. Nf3 Nxc3 7. bxc3 O-O 8. e3 c5 9. Bc4 cxd4 10. cxd4 Qa5+ 11. Qd2 Qxd2+ 12. Kxd2 Nc6 13. Bb5 h6 14. Bh4 g5 15. Bg3 Be6 16. Rhc1 Bd5 17. Rc5 e6 18. Ne1 Rfd8 19. Ke2 a6 20. Bd3 f5 21. Bc7 Rdc8 22. Bb6 Bf8 23. Rxd5 exd5 24. Bxf5 Re8 25. Nd3 Bg7 26. Kd2 Bf6 27. g4 Bd8 28. Rb1 Bxb6 29. Rxb6 Na5 30. Rxh6 Nc4+ 31. Ke2 Kg7 32. Rg6+ Kf7 33. Rxg5 Rh8 34. Nf4 Rxh2 35. Nxd5 Rd8 36. e4 Nd6 37. Ne3 Nb5 38. d5 Nd4+ 39. Kd3 Nf3 40. Rg6 Ne5+ 41. Kd4 Nxg6 42. Be6+ Kf6 43. e5+ Nxe5 44. g5+ Kxg5 45. Kxe5 Rxf2 46. Nc4 Rxa2 47. d6 Re2+ 48. Kd5 b5 49. Ne5 0-1

[Event "RUS-ch Blitz Men 2018"]
[Site "Sochi"]
[Date "2018.10.07"]
[Round "10"]
[White "Oganian, Miran"]
[Black "Tekeyev, Zaur"]
[Result "1-0"]
[WhiteElo "2435"]
[BlackElo "2392"]
[Annotator "NA"]
[PlyCount "97"]
[EventDate "2018.10.07"]
[EventType "swiss"]
[EventCountry "RUS"]
[SourceTitle "playchess.com"]
[Source "ChessBase"]
[SourceQuality "1"]

1. b3 Nf6 2. Bb2 g6 3. Bxf6 exf6 4. d4 d5 5. e3 Bd6 6. g3 c6 7. Bg2 h5 8. h4 Bg4 9. Ne2 Qa5+ 10. Qd2 Qa6 11. Nc1 O-O 12. Nd3 Nd7 13. O-O Rfe8 14. Rc1 Bf5 15. Bf1 Qb6 16. c4 Qd8 17. cxd5 cxd5 18. Nc3 Be6 19. Bg2 Ba3 20. Rd1 Nb6 21. Nb5 Bd6 22. Rdc1 a6 23. Nxd6 Qxd6 24. Nc5 Re7 25. a4 Rae8 26. a5 Nc8 27. Qb4 g5 28. hxg5 fxg5 29. Nd3 Qxb4 30. Nxb4 Rd7 31. Rc5 Ne7 32. Rac1 Red8 33. Bf3 h4 34. gxh4 gxh4 35. Kh2 Kf8 36. Nd3 Ng6 37. b4 Rd6 38. Rc7 b6 39. Rb7 Bf5 40. Ne5 bxa5 41. Nxf7 R6d7 42. Nxd8 Rxd8 43. bxa5 Ne7 44. Rcc7 Re8 45. Bxd5 Nxd5 46. Rf7+ Kg8 47. Rxf5 Ne7 48. Re5 Kf7 49. Kh3 1-0

[Event "RUS-ch Blitz Men 2018"]
[Site "Sochi"]
[Date "2018.10.07"]
[Round "10"]
[White "Malakhov, Igor"]
[Black "Pogosian, Samvel"]
[Result "1-0"]
[WhiteElo "2423"]
[BlackElo "2263"]
[Annotator "TA"]
[PlyCount "125"]
[EventDate "2018.10.07"]
[EventType "swiss"]
[EventCountry "RUS"]
[SourceTitle "playchess.com"]
[Source "ChessBase"]
[SourceQuality "1"]

1. e4 Nf6 2. e5 Nd5 3. d4 d6 4. c4 Nb6 5. f4 dxe5 6. fxe5 Nc6 7. Be3 Bf5 8. Nf3 e6 9. Nc3 Qd7 10. Be2 O-O-O 11. Qd2 f6 12. exf6 gxf6 13. O-O Rg8 14. b3 Qg7 15. Rf2 Ne5 16. Nxe5 fxe5 17. d5 Bb4 18. a3 Bxc3 19. Qxc3 exd5 20. Bxb6 axb6 21. cxd5 Be4 22. Bf3 Bxd5 23. Re1 Bxf3 24. Qxf3 Rgf8 25. Qh3+ Kb8 26. Rfe2 Rd5 27. Qh5 Rd3 28. Rxe5 Rxb3 29. a4 Rb2 30. Re8+ Ka7 31. R8e2 Qd4+ 32. Kh1 Rf2 33. Rxb2 Rxb2 34. Qxh7 Qc3 35. Rg1 Ra2 36. Qh4 Ra3 37. h3 Rb3 38. Qf4 Rb4 39. Qc1 Qxc1 40. Rxc1 c5 41. Ra1 Kb8 42. g4 Kc7 43. Kg2 Rb3 44. h4 Kd6 45. h5 Ke6 46. Rf1 c4 47. h6 Rb2+ 48. Kg3 Rb3+ 49. Kh4 Rb2 50. Kg3 Rb3+ 51. Rf3 Rb1 52. g5 Rg1+ 53. Kh4 Rh1+ 54. Kg4 Ke5 55. Rf8 c3 56. Rc8 Kd4 57. Kf5 Kd3 58. Kg6 c2 59. h7 Kd2 60. Kg7 Rh3 61. Rxc2+ Kxc2 62. g6 Kb3 63. h8=Q 1-0